00447 2200157 4500001002100000005001500021008004100036020001800077035001900095082000800114090001400122100001600136245008800152260003100240300001800271INLIS00000000000816120241224113611241224||||||||| | ||| |||| ||  a979-3371-58-7 0010-12240081610 a813 a813 KHA y0 aAmru Khalid00aYa Allah, Taburkan Cinta pada Kami : Pengalaman dan rahasia menyambut hidayah cinta adepokbpustaka iimanc2007 aix + 231 hlm.